Paroles - Laura - Johnny Hallyday - Statistiques

Statistiques générales
  • Ce quiz a été pris 148 fois
  • Le résultat moyen est 159 sur 200
Statistiques - réponses
Réponse % Correct
100%
Laura
100%
à
96%
et
96%
de
95%
je
95%
Je
95%
pas
95%
te
95%
Te
95%
ne
93%
que
93%
Le
92%
le
92%
Oh
92%
tant
92%
m'a
90%
me
90%
qu'on
90%
toi
90%
J'ai
89%
les
89%
Moi
89%
moi
89%
dit
88%
en
88%
Tu
88%
Y'a
88%
suis
85%
Ce
84%
dirai
84%
pour
84%
Pour
84%
ces
82%
donne
82%
mais
82%
Mais
82%
phrases
81%
Tous
81%
sais
79%
temps
79%
mots
78%
Des
77%
des
77%
ni
77%
on
77%
tout
77%
Tout
77%
comme
75%
d'amour
75%
d'hommes
75%
passé
75%
passe
75%
Petit
75%
rien
75%
ton
75%
dans
74%
n'ai
74%
sans
74%
mon
73%
qui
73%
regard
73%
apprendre
71%
donner
71%
loi
71%
tendres
71%
foi
70%
remplit
70%
sait
70%
tes
70%
fait
68%
jamais
68%
un
68%
du
67%
était
67%
papier
67%
appris
66%
bleu
66%
diable
64%
poussé
64%
respire
64%
emporte
63%
oubliés
63%
vivre
63%
déjà
62%
semble
62%
sourires
62%
tour
62%
presque
60%
souvent
60%
dérisoire
59%
entendras
59%
grandir
59%
fera
58%
n'avais
58%
place
58%
besoin
56%
J'aurais
56%
avenir
55%
caresses
55%
personne
55%
regarder
55%
rêves
55%
n'attendais
53%
une
53%
bras
52%
rires
52%
conseils
51%
qu'une
49%
m'inventes
48%
pousser
48%
avant
47%
partir
47%
raison
45%
dépensé
44%
d'être
42%
Juste
41%
empires
40%
évaporé
40%
abri
38%
forces
37%
trace
34%
Aucun quiz correspondant
Distribution des résultats
% des personnes avec chaque résultat
Percentile par nombre de réponses
Votre historique - résultats
Vous n’avez pas pris ce quiz